Plan estratégico 2014 - 2017 para la planta procesadora de lácteos de la UNAN - FAREN, utilizando la tecnología de cuadro de mando integral.
Realiza un diagnóstico de la situación actual de la planta procesadora de Lácteos y selecciona las estrategias óptimas para evaluar y mejorar las condiciones actuales de la procesadora.
| Main Author: | |
|---|---|
| Other Authors: | |
| Format: | Tesis Section = Libro |
| Language: | Undetermined Spanish |
| Published: |
Managua
UNI
2013
|
| Subjects: |
| LEADER | 01120nam a2200265Ia 4500 | ||
|---|---|---|---|
| 008 | 240830s9999 xx 000 0 und d | ||
| 040 | |a BIBLIOTECA-RUSB/ M.Mon 658.4012 G948 | ||
| 041 | |a spa | ||
| 082 | |a M.Mon 658.4012 G948 | ||
| 100 | 1 | |a Guido Ubina, Ronald de Jesús | |
| 245 | 1 | 0 | |a Plan estratégico 2014 - 2017 para la planta procesadora de lácteos de la UNAN - FAREN, utilizando la tecnología de cuadro de mando integral. |
| 260 | |a Managua |b UNI |c 2013 | ||
| 300 | |a 117 p. :il. | ||
| 500 | |a Contiene: anexos. | ||
| 502 | |a Tesis (Máster en Gerencia y Liderazgo Centrados en la Calidad) - UNI, 2013. | ||
| 520 | 3 | |a Realiza un diagnóstico de la situación actual de la planta procesadora de Lácteos y selecciona las estrategias óptimas para evaluar y mejorar las condiciones actuales de la procesadora. | |
| 650 | 7 | |a PLANIFICACION ESTRATÉGICA | |
| 650 | 7 | |b PLANIFICACION EMPRESARIAL | |
| 650 | 7 | |c ESTRATEGIA ADMINISTRATIVA | |
| 650 | 7 | |d ANÁLISIS FODA | |
| 650 | 7 | |e ANALIS FINANCIERO | |
| 700 | 1 | |a Tutor: |b Fuentes Espinoza, Oscar Danilo | |
| 942 | |c BK |2 ddc | ||
| 991 | |a TESIS | ||
| 999 | |c 19383 | ||